000 01302nam a2200313Ia 4500
001 ebr10359158
003 CaPaEBR
006 m u
007 cr cn|||||||||
008 081110s2009 enka s 001 0aeng d
020 _z1845117816 (hbk.)
020 _z9781845117818 (hbk.)
040 _aCaPaEBR
_cCaPaEBR
035 _a(OCoLC)608555890
050 1 4 _aKD7285
_b.P67 2009eb
100 1 _aPopplewell, Oliver.
245 1 0 _aHallmark
_h[electronic resource] :
_ba judge's life at Oxford /
_cOliver Popplewell.
260 _aLondon ;
_aNew York :
_bI.B. Tauris ;
_aNew York :
_bDistributed in the USA by Palgrave Macmillan,
_c2009.
300 _aix, 230 p. :
_bill.
500 _aIncludes index.
533 _aElectronic reproduction.
_bPalo Alto, Calif. :
_cebrary,
_d2010.
_nAvailable via World Wide Web.
_nAccess may be limited to ebrary affiliated libraries.
600 1 0 _aPopplewell, Oliver.
610 2 0 _aUniversity of Oxford
_xAlumni and alumnae
_vBiography.
650 0 _aAdult college students
_zEngland
_zOxford
_vBiography.
650 0 _aJudges
_xRetirement
_zEngland
_zOxford.
655 7 _aElectronic books.
_2local
710 2 _aebrary, Inc.
856 4 0 _uhttp://site.ebrary.com/lib/rucke/Doc?id=10359158
_zAn electronic book accessible through the World Wide Web; click to view
999 _c104682
_d104682